Les prénoms des rois de France - Statistiques

Statistiques générales
  • Ce quiz a été pris 726 fois
  • Le résultat moyen est 12 sur 27
Statistiques - réponses
Nombre de rois Réponse % Correct
17 Louis
100%
11 Charles
92%
4 Henri
91%
1 Louis-Philippe
78%
2 François
76%
4 Clovis
75%
6 Philippe
74%
2 Jean
70%
3 Dagobert
52%
1 Hugues
47%
2 Childéric
46%
4 Clotaire
44%
1 Pépin
44%
2 Robert
44%
2 Chilpéric
36%
4 Thierry
33%
1 Eudes
31%
2 Carloman
30%
1 Lothaire
28%
1 Raoul
28%
4 Childebert
26%
3 Sigebert
12%
2 Caribert
10%
1 Clodomir
10%
1 Gontran
10%
1 Thibaut
6%
2 Thibert
6%
Aucun quiz correspondant
Distribution des résultats
% des personnes avec chaque résultat
Percentile par nombre de réponses
Votre historique - résultats
Vous n’avez pas pris ce quiz